|
|
|
|
| LEADER |
00000nam a2200000 i 4500 |
| 001 |
1/50983 |
| 008 |
070807s2004 fre d |
| 020 |
|
|
|a 0-275-98000-6
|
| 035 |
|
|
|l 10089597
|
| 040 |
|
|
|a GR-MY-UA
|b gre
|e aacr
|
| 041 |
0 |
|
|a fre
|
| 082 |
0 |
|
|a 177.7
|2 (22)
|
| 100 |
1 |
|
|a Sanchez, Gonzalo J.
|d 1961-
|
| 245 |
1 |
0 |
|a Pity in fin-de-siecle French culture :
|b "liberte, egalite, pitie" /
|c Gonzalo J. Sanchez
|
| 260 |
|
|
|a Westport, Conn. :
|b Praeger,
|c 2004
|
| 300 |
|
|
|a x, 318 σ.;
|c 24 εκ.
|
| 504 |
|
|
|a Βιβλιογραφία: σ. 227-300
|
| 504 |
|
|
|a Ευρετήριο: σ. 301-318
|
| 650 |
0 |
0 |
|a Sympathy
|z France
|x History
|y 19th century.
|
| 650 |
0 |
0 |
|a Sympathy
|z France
|x History
|y 20th century.
|
| 651 |
|
0 |
|a France
|x Intellectual life
|y 19th century.
|
| 651 |
|
0 |
|a France
|x Intellectual life
|y 20th century.
|
| 852 |
|
|
|a INST
|b LESVOS
|e 20070807
|h 177.7 SAN
|p 005100041225
|q 005100041225
|t BK
|y 0
|
| 901 |
|
|
|a BIBL1-2007-2
|
| 909 |
|
|
|a Λ
|b 137419
|
| 922 |
|
|
|a 1ΕΛΗ
|b 200707
|c ΕΠΕΑΕΚ2/ΤΚΑ
|d ΕΛΕΥΘΕΡΟΥΔΑΚΗΣ
|
| 970 |
|
|
|a ΚΑΡΑ
|b ΓΙΑΣΕΜΗ
|z 2007/08/07
|